Extra money for flood and coastal defence (Record no. 72099)

MARC details
000 -LEADER
fixed length control field 00911cam a2200205 4500
001 - CONTROL NUMBER
control field WB3906-08
008 - FIXED-LENGTH DATA ELEMENTS--GENERAL INFORMATION
fixed length control field 030212n2003 000 0 eng u
035 ## - SYSTEM CONTROL NUMBER
System control number (Sirsi) u121331
245 ## - TITLE STATEMENT
Title Extra money for flood and coastal defence
260 ## - PUBLICATION, DISTRIBUTION, ETC.
Date of publication, distribution, etc. 2003
490 ## - SERIES STATEMENT
Series statement DEFRA News Release
Volume/sequential designation (49/03) 12 February 2003 (1)
520 ## - SUMMARY, ETC.
Summary, etc. Government announced an extra £22m in 2003-04 on capital projects and studies for flood and coastal defence. This is additional to the £185m increase in all government spending on flood and coastal defence over the period 2003-04 to 2005-06. http://www.gnn.gov.uk/gnn/national.nsf/Today's+Releases+Frame/D95F966CF3EDF87580256CCB0032D2C4?opendocument.
590 ## - LOCAL NOTE (RLIN)
Local note WB
650 ## - SUBJECT ADDED ENTRY--TOPICAL TERM
Topical term or geographic name entry element FLOOD DEFENCES
650 ## - SUBJECT ADDED ENTRY--TOPICAL TERM
Topical term or geographic name entry element COASTAL DEFENCE
650 ## - SUBJECT ADDED ENTRY--TOPICAL TERM
Topical term or geographic name entry element CAPITAL PROJECTS
650 ## - SUBJECT ADDED ENTRY--TOPICAL TERM
Topical term or geographic name entry element FLOOD RISK
690 ## - LOCAL SUBJECT ADDED ENTRY--TOPICAL TERM (OCLC, RLIN)
Topical term or geographic name as entry element ENVIRONMENTAL AND LAND CONSULTANCY-ENVIRONMENTAL MANAGEMENT
942 ## - ADDED ENTRY ELEMENTS (KOHA)
Suppress in OPAC 0
Holdings
Withdrawn status Lost status Source of classification or shelving scheme Damaged status Not for loan Home library Current library Shelving location Date acquired Total Checkouts Full call number Barcode Date last seen Copy number Price effective from Koha item type
    Dewey Decimal Classification     London London News article 12/02/2003   WB3906-08 121331-1001 06/08/2019 1 06/08/2019 News article